000 00825nam a2200229Ia 4500
003 GCL
008 140319s9999 xx 000 0 ara d
040 _aGCL /
_cGCL
082 0 4 _a742
_bم م
100 1 _aمحى الدين طالو
245 1 0 _aالمنظور الفنى :
_bوتطبيقاته العملية فى مجالات الفنون التشكيلية والديكور /
_cمحى الدين طالو
250 _aالاولى
260 _aسوريا :
_bدار دمشق للنشر والتوزيع والطباعة ،
_c2002
300 _a158 ص ؛
_c24 سم
650 0 4 _aالفنون الجميلة
650 0 4 _aالرسم المنظور
650 0 4 _aالرسم الهندسى
650 0 4 _aالفنون
650 0 4 _aالفنون التشكيلية
650 0 4 _aالديكور
942 _2ddc
_cBK
999 _c8408
_d8408